• 首页
  • 本馆介绍
  • 公告通知
  • 最新文献
  • 馆藏检索
  • 电子资源
  • 读者导购
  • 参考咨询
  • 我的图书馆
  • 登录
  • 详细信息显示
  • 放入我的书架
  • 预约/预借图书
  • 作者相关作品
  • 分类相关作品
  • 丛书相关作品
  • 出版社相关作品

书目信息

  • 表格格式
  • 工作单格式
  • 卡片格式
题名:
分镜台本设计
    
 
作者: 姚光华 编著
分册:  
出版信息: 上海   上海人民美术出版社  2011.04
页数: 112页
开本: 29cm
丛书名:
单 册:
中图分类: J954.1
科图分类:
主题词: 动画片--镜头(电影艺术镜头)--设计--高等院校--教材 , 动画片 , 镜头(电影艺术镜头)
电子资源:
ISBN: 978-7-5322-5633-4
000 01046nam0 2200277 450
001 004855145
005 20130627094843.90
010    @a978-7-5322-5633-4@dCNY38.00
100    @a20110705d2011 em y0chiy50 ea
101 0  @achi
102    @aCN@b310000
105    @aa z 000yy
106    @ar
200 1  @a分镜台本设计@9fen jing tai ben she ji@dStory board design@f姚光华编著@zeng
210    @a上海@c上海人民美术出版社@d2011.04
215    @a112页@c图@d29cm
300    @a21世纪全国高等院校动画设计专业精品教材
330    @a本书根据分镜台本在整个动画影片创作和制作过程中的重要性、特点以及现今高等院校动画专业教学的特点进行编写,简要地介绍了分镜台本的概念、作用、类型、前期的准备等,而关于如何创作分镜台本,作者则用了大量的篇幅和案例进行分析讲解。
510 1  @aStory board design@zeng
606 0  @a动画片@x镜头(电影艺术镜头)@x设计@x高等院校@j教材
606 0  @a动画片
606 0  @a镜头(电影艺术镜头)
690    @aJ954.1@v4
701  0 @a姚光华@9yao guang hua@4编著
801  0 @aCN@bNLC@c20110705
905    @b546519-23@dJ954.1@e264@f5
    
    分镜台本设计=Story board design/姚光华编著.-上海:上海人民美术出版社,2011.04
    112页:图;29cm
    21世纪全国高等院校动画设计专业精品教材
    
    ISBN 978-7-5322-5633-4:CNY38.00
    本书根据分镜台本在整个动画影片创作和制作过程中的重要性、特点以及现今高等院校动画专业教学的特点进行编写,简要地介绍了分镜台本的概念、作用、类型、前期的准备等,而关于如何创作分镜台本,作者则用了大量的篇幅和案例进行分析讲解。
●
相关链接 在E读中查询图书 在五车中查询图书 在当当中查询图书 在豆瓣中查询图书


正题名:分镜台本设计     索取号:J954.1/264         预约/预借

序号 登录号 条形码 馆藏地/架位号 状态 备注
1 546519   205465192   第一样本阅览室/ [索取号:J954.1/264] 在馆    
2 546520   205465209   第一借阅区/ [索取号:J954.1/264] 在馆    
3 546521   205465218   第一借阅区/ [索取号:J954.1/264] 在馆    
4 546522   205465227   第一借阅区/ [索取号:J954.1/264] 在馆    
5 546523   205465236   美术系资料室/ [索取号:J954.1/264] 在馆    
唐山师范学院图书馆 欢迎您!
大连网信软件有限公司© 版权所有